000 00697nam a2200253Ia 4500
003 OSt
005 20220918202122.0
006 a|||||r|||| 00| 0
007 ta
008 220917b |||||||| |||| 00| 0 eng d
024 _a98,937
037 _cTextual
040 _aARTS
_cARTS
_beng
041 _2eng
_aeng
082 _aV2:591.N, N3
100 _aElst Koenraad
_939360
245 0 _aIndigenous Indians
_b Agastaya to Ambedkar
260 _aNew Delhi
_bVoice of India
_c1993
300 _aviii, 483p.
_ccm.
500 _aBibliography p473--477; Includes Index
650 _aHISTORY
942 _hV2:591.N, N3
_cTEXL
_2CC
999 _c222516
_d222516